Anatomie der Syntax.

Saved in:
Bibliographic Details
Main Author: Doerfer, Gerhard, 1920-
Format: Book
Language:German
Published: Bern, Frankfurt/M., Herbert Lang; Peter Lang, 1973.
Series:Europäische Hochschulschriften. Reihe I, Deutsche Literatur und Germanistik ; Bd. 88
Subjects:
LEADER 00974nam a22002651 4500
001 c000336230
003 CARM
005 00000000000000.0
008 800204s1973 sz b 00000 ger
015 |a Sw74-A-803 
019 1 |a 1669828  |5 LACONCORD2021 
020 |a 3261010177 
035 |a (OCoLC)1024280  |5 LACONCORD2021 
050 0 0 |a P291  |b .D6 
082 0 0 |a 415 
100 1 |a Doerfer, Gerhard,  |d 1920- 
245 1 0 |a Anatomie der Syntax. 
260 |a Bern,  |b Herbert Lang;  |a Frankfurt/M.,  |b Peter Lang,  |c 1973. 
300 |a iv, 253 p.  |c 21 cm. 
490 0 |a Europäische Hochschulschriften. Reihe I, Deutsche Literatur und Germanistik ;  |v Bd. 88 
504 |a Bibliography: p. 6-7. 
650 0 |a Grammar, Comparative and general  |x Syntax. 
852 8 |b CARM  |h A1:AN33E0  |i B09140  |p 0422654  |f BK 
999 f f |i d72f6255-35de-5a3a-b3ed-3440924f1a27  |s 39e05342-0066-5809-8c34-a75e76454ac9 
952 f f |p Can circulate  |a CAVAL  |b CAVAL  |c CAVAL  |d CARM 1 Store  |e B09140  |f A1:AN33E0  |h Other scheme  |i book  |m 0422654